| 000 | 00345nam a22001217a 4500 | ||
|---|---|---|---|
| 999 |
_c9561 _d9561 |
||
| 003 | OSt | ||
| 008 | 201209b ||||| |||| 00| 0 eng d | ||
| 245 | _aIndian Journal of Physics | ||
| 250 | _a2009(Jan Vol.83 No.1, Feb Vol.83 No.2, Mar Vol.83 No.3, May Vol.83 No.5) | ||
| 260 |
_aBengaluru _bSpringer |
||
| 650 | _aApplied Science | ||
| 942 |
_2ddc _cBV |
||